<?xml version="1.0" encoding="UTF-8"?><?xml-stylesheet type="text/xsl" href="static/style.xsl"?><OAI-PMH xmlns="http://www.openarchives.org/OAI/2.0/" xmlns:xsi="http://www.w3.org/2001/XMLSchema-instance" xsi:schemaLocation="http://www.openarchives.org/OAI/2.0/ http://www.openarchives.org/OAI/2.0/OAI-PMH.xsd"><responseDate>2026-04-14T07:09:02Z</responseDate><request verb="GetRecord" identifier="oai:www.recercat.cat:20.500.12327/1519" metadataPrefix="marc">https://recercat.cat/oai/request</request><GetRecord><record><header><identifier>oai:recercat.cat:20.500.12327/1519</identifier><datestamp>2025-10-22T11:20:59Z</datestamp><setSpec>com_2072_4428</setSpec><setSpec>com_2072_4427</setSpec><setSpec>col_2072_487898</setSpec></header><metadata><record xmlns="http://www.loc.gov/MARC21/slim" xmlns:dcterms="http://purl.org/dc/terms/" xmlns:xsi="http://www.w3.org/2001/XMLSchema-instance" xmlns:doc="http://www.lyncode.com/xoai" xsi:schemaLocation="http://www.loc.gov/MARC21/slim http://www.loc.gov/standards/marcxml/schema/MARC21slim.xsd">
   <leader>00925njm 22002777a 4500</leader>
   <datafield ind2=" " ind1=" " tag="042">
      <subfield code="a">dc</subfield>
   </datafield>
   <datafield ind2=" " ind1=" " tag="720">
      <subfield code="a">Navarro, María J.</subfield>
      <subfield code="e">author</subfield>
   </datafield>
   <datafield ind2=" " ind1=" " tag="720">
      <subfield code="a">Escudero-Colomar, Lucía Adriana</subfield>
      <subfield code="e">author</subfield>
   </datafield>
   <datafield ind2=" " ind1=" " tag="720">
      <subfield code="a">Carrasco, Jaime</subfield>
      <subfield code="e">author</subfield>
   </datafield>
   <datafield ind2=" " ind1=" " tag="720">
      <subfield code="a">Gea, Francisco J.</subfield>
      <subfield code="e">author</subfield>
   </datafield>
   <datafield ind2=" " ind1=" " tag="260">
      <subfield code="c">2021-09-29</subfield>
   </datafield>
   <datafield ind2=" " ind1=" " tag="520">
      <subfield code="a">Diptera are among the most serious arthropod pests affecting mushroom crops. Phorid flies, especially Megaselia halterata, have traditionally been globally considered as a minor pest, although they are a very important problem on Spanish mushroom farms. The concerns with respect to the phorid fly populations have recently increased, notably jumping from being a minor to major pest in India, UK and the USA, where yield losses ranging between 10% and 40% were reported. This review updates and summarizes the available literature regarding mushroom phorid populations, stressing the natural distribution of phorids and their seasonal distribution, their biology within the growing substrates and the initial sources of infestation on mushroom farms. Moreover, the review also highlights the scarce available tools for their control and the current alternatives to chemical products.</subfield>
   </datafield>
   <datafield ind1="8" ind2=" " tag="024">
      <subfield code="a">Navarro, María Jesús, Lucía Adriana Escudero-Colomar, Jaime Carrasco, and Francisco José Gea. 2021. "Mushroom Phorid Flies—A Review". Agronomy 11 (10): 1958. doi:10.3390/agronomy11101958.</subfield>
   </datafield>
   <datafield ind1="8" ind2=" " tag="024">
      <subfield code="a">2073-4395</subfield>
   </datafield>
   <datafield ind1="8" ind2=" " tag="024">
      <subfield code="a">http://hdl.handle.net/20.500.12327/1519</subfield>
   </datafield>
   <datafield ind1="8" ind2=" " tag="024">
      <subfield code="a">https://doi.org/10.3390/agronomy11101958</subfield>
   </datafield>
   <datafield ind2="0" ind1="0" tag="245">
      <subfield code="a">Mushroom Phorid Flies—A Review</subfield>
   </datafield>
</record></metadata></record></GetRecord></OAI-PMH>